000 00611nam a2200217Ia 4500
003 OSt
005 20220923231008.0
006 a|||||r|||| 00| 0
007 ta
008 220922b |||||||| |||| 00| 0 pan d
024 _a351,490
037 _bGift,
_cTextual
040 _aARTS
_cARTS
_bpan
041 _2pan
_apan
100 _aਸਿੰਘ, ਅਮਰਜੀਤ, ਂਚ.
245 0 _aਇਕ ਸੱਚ ਮੇਰਾ ਵੀ-ਇਕ ਪਰਿਪੇਖ
260 _c1999
300 _a91ਪੰ0
_ccm.
942 _cTEXL
_2CC
999 _c388664
_d388664